Statistiques concernant Culture Générale - Série 1723

Cliquez ici pour prendre le quiz!

Statistiques générales

  • Ce quiz a été pris 65 fois
  • Le résultat moyen est 7 sur 10

Statistiques - réponses

Question Réponse % Correct
Dans quel pays d'Amérique du Sud se trouve la ville de Cordoba ?Argentine
97%
De quel pays d'Amérique du Sud le pic de Neblina est-il le point culminant ?Brésil
85%
Quelle est la ville la plus peuplée du Canada ?Toronto
82%
Dans quel état des Etats-Unis se situe le parc national des Everglades ?Floride
80%
Dans quel état des Etats-Unis se situe le désert Mojave ?Californie
75%
Dans quel pays d'Amérique du Sud se trouve la ville de Maracaibo ?Vénèzuela
75%
Quelle ville des USA est la 1ère étape de « Tintin en Amérique » ?Chicago
66%
Quel fleuve s'écoule au fond du Grand Canyon ?Colorado
61%
Quel parc national des Etats-Unis qui contient 2/3 des geysers de la planète abrite le plus grand geyser au monde, le Steamboat ?Yellowstone
51%
Dans le film "Top Gun", comment le rival de Tom Cruise joué par Val Kilmer, est-il surnommé ?ice man
11%

Distribution des résultats

Percentile by Number Answered

% des personnes avec chaque résultat

Votre développement - résultats

Vous n’avez pas pris ce quiz